| 000 | 00436 a2200157 4500 | ||
|---|---|---|---|
| 999 |
_c12838 _d12838 |
||
| 003 | OSt | ||
| 005 | 20240727115541.0 | ||
| 008 | 240727b ||||| |||| 00| 0 eng d | ||
| 020 | _a9781786273888 | ||
| 082 | _a720.9 | ||
| 100 | _aMichael Bird | ||
| 245 | _a100 Ideas that Changed Art: (A concise resource covering the forces that have shaped world art) | ||
| 260 |
_bLaurence King Publishing _c2019 |
||
| 300 | _a216p; | ||
| 942 | _2ddc | ||